Comahue Médico (Registro nro. 1167)
[ vista simple ]
| 000 -LEADER | |
|---|---|
| fixed length control field | 00553nas a22001457a 4500 |
| 008 - CAMPO DE CONTROL RECURSOS CONTINUADOS | |
| fixed length control field | 130225t20009999ag ||||| |||| 00| 0 spa d |
| 022 ## - INTERNATIONAL STANDARD SERIAL NUMBER | |
| International Standard Serial Number | 0325-6421 |
| 245 ## - TITULO | |
| Titulo | Comahue Médico |
| 260 ## - PUBLICACION, DISTRIBUCION, ETC. (PIE DE IMPRENTA) | |
| Lugar de publicación, distribución, etc | General Roca: |
| Nombre de la editorial, distribuidor, etc. | Colegio Médico de General Roca, |
| Fecha de publicación | 2000 |
| 300 ## - DESCRIPCION FISICA | |
| Extensión | v. : |
| 546 ## - NOTA DE IDIOMA | |
| Nota de lenguaje | español |
| 590 ## - NOTAS LOCALES (RLIN) | |
| Nota local | Existencias: 2000 30(165-170); 2001 31(171-175); 2002 32(177-179); 2003 33(180,183,184); 2004 34(185); 2005 35(192); 2006 36(200-202); 2007 37(203-208); 2008 38(209-210)<br/>BAJA DEPOSITO (CAJA 28) JUNIO 2019<br/> |
| 653 ## - MATERIA-PALABRA CLAVE | |
| Palabra clave | MEDICINA |
| 942 ## - ADDED ENTRY ELEMENTS (KOHA) | |
| Source of classification or shelving scheme | Dewey Decimal Classification |
| Item type | Continuing Resources |
No hay ítems disponibles.